000
00266nam a2200109Ia 4500
008
200302s9999 xx 000 0 und d
100
_a
Kevin Forseth
245
_a
Graphics for Architecture
260
_b
Van Nostrand Reinhold Co.,
260
_c
1980
300
_a
223 P.,
999
_c
2185
_d
2185